000 00297nam a2200121Ia 4500
008 190216s9999||||xx |||||||||||||| ||und||
100 _aMee A J
245 0 _aPhysical Chemistry
260 _bThe English Language Book Society
_c1964
300 _a719p
650 _aChemistry-Chemistry
942 _cBK
999 _c2000
_d2000